La iglesia y los derechos del hombre
Guardat en:
| Autor corporatiu: | |
|---|---|
| Format: | Llibre |
| Idioma: | espanyol |
| Publicat: |
Santiago
ICHEH
1976
|
| Edició: | 1a. ed |
| Matèries: | |
| Etiquetes: |
Afegir etiqueta
Sense etiquetes, Sigues el primer a etiquetar aquest registre!
|
MARC
| LEADER | 00000cam a2200000 a 4500 | ||
|---|---|---|---|
| 001 | UCE9845 | ||
| 003 | CL-VaPUC | ||
| 008 | 151106e19760000cl |||||||||||||||||spa|d | ||
| 082 | 0 | 4 | |a 261.83 |b COM |2 21 |
| 110 | 2 | |a Comisión Pontificia Justicia Et Pax |e author |9 582803 | |
| 245 | 1 | 3 | |a La iglesia y los derechos del hombre |
| 250 | |a 1a. ed | ||
| 300 | |a 85 p | ||
| 942 | |c BK | ||
| 945 | |d 20151106 14:16:00 |a gsalatino | ||
| 260 | |a Santiago |b ICHEH |c 1976 | ||
| 650 | 0 | |a Iglesia |9 255004 | |
| 650 | 0 | |a Cristianismo |9 257361 | |
| 650 | 0 | |a Problemas sociales |9 258537 | |
| 650 | 0 | |a Sociología |9 255410 | |
| 583 | |a last modification |c 20151106 14:16:00 |k Rodrigo Vera | ||
| 999 | |c 361488 |d 361486 | ||
| 952 | |0 0 |1 0 |3 erb |4 0 |6 261_830000000000000_COM_1976 |7 0 |8 P |9 472049 |a BIBTEO |b BIBTES |c TEO_FTES |i 5208475 |o 261.83 COM 1976 |p 5208475 |r 2024-01-18 |w 2019-11-24 |y BK |z Catalogado en:20151106 |k ICR | ||